[Event "Olimpiade 2022 - Open"]
[Site "Chennai"]
[Date "03.08.2022"]
[Round "6.16"]
[Board "1"]
[White "Korobov, Anton"]
[Black "Peralta, Fernando"]
[Result "1/2-1/2"]
[WhiteTitle "GM"]
[BlackTitle "GM"]
[WhiteElo "2692"]
[BlackElo "2591"]
[WhiteTeam "Ukraine"]
[BlackTeam "Argentina"]
[WhiteFideId "14105730"]
[BlackFideId "105309"]
[EventDate "2022.07.29"]

1. d4 Nf6 2. c4 e6 3. Nf3 b6 4. g3 Bb7 5. Bg2 Bb4+ 6. Bd2 a5 7. O-O O-O 8. Nc3
d6 9. Qc2 Nbd7 10. Rfe1 Bxc3 11. Bxc3 Be4 12. Qa4 Qb8 13. Nh4 Bxg2 14. Nxg2 Qb7
15. e4 e5 16. f3 c6 17. Qc2 b5 18. b3 a4 19. Rad1 Rfb8 20. c5 exd4 21. Bxd4 dxc5
22. Bxc5 axb3 23. axb3 Nxc5 24. Qxc5 Nd7 25. Qd4 Nf8 26. Nf4 Rd8 27. Qc5 Rd7 28.
e5 Re8 29. Kg2 Qc7 30. Rd6 Rxe5 31. Rxd7 Nxd7 32. Rxe5 Qxe5 33. Qxc6 Nf8 34. Qd5
Qb2+ 35. Kh3 Qc3 36. Nd3 Qc8+ 37. g4 Qe8 38. Kg3 Ng6 39. h4 Qb8+ 40. Kh3 h6 41.
h5 Nf4+ 42. Nxf4 Qxf4 43. Kg2 Qb8 44. b4 Qe8 45. Kf2 Kf8 46. f4 Kg8 47. Kf3 Qb8
48. Ke4 Qb6 49. Qd7 Qg1 50. Qc8+ Kh7 51. Qf5+ Kg8 52. Kd5 Qc1 53. Qe4 Qc8 54.
Kd6 Qc4 55. Qxc4 bxc4 56. b5 c3 57. b6 c2 58. b7 c1=Q 59. b8=Q+ Kh7 60. Ke7 f6 1/2-1/2

[Event "Olimpiade 2022 - Open"]
[Site "Chennai"]
[Date "03.08.2022"]
[Round "6.16"]
[Board "2"]
[White "Krysa, Leandro"]
[Black "Kuzubov, Yuriy"]
[Result "1-0"]
[WhiteTitle "GM"]
[BlackTitle "GM"]
[WhiteElo "2515"]
[BlackElo "2642"]
[WhiteTeam "Argentina"]
[BlackTeam "Ukraine"]
[WhiteFideId "116807"]
[BlackFideId "14112906"]
[EventDate "2022.07.29"]

1. d4 Nf6 2. c4 e6 3. Nf3 d5 4. Nc3 Nbd7 5. Bf4 dxc4 6. e3 b5 7. Nxb5 Bb4+ 8.
Nd2 Nd5 9. Bg3 N7b6 10. a3 Ba5 11. Rc1 O-O 12. Nc3 Nxc3 13. bxc3 Nd5 14. Bxc4
Nxc3 15. Qf3 Rb8 16. O-O Bb7 17. Qh5 Bd5 18. e4 g6 19. Qf3 Nb5 20. exd5 Bxd2 21.
dxe6 Nd6 22. exf7+ Nxf7 23. Rc2 Bg5 24. Be6 Qe7 25. d5 Rb7 26. h4 Bxh4 27. Bxh4
Qxh4 28. d6 c6 29. Rxc6 Kg7 30. Rc4 Qf6 31. Qxb7 Qxe6 32. Rd4 1-0

[Event "Olimpiade 2022 - Open"]
[Site "Chennai"]
[Date "03.08.2022"]
[Round "6.16"]
[Board "3"]
[White "Shevchenko, Kirill"]
[Black "Tristan, Leonardo"]
[Result "1-0"]
[WhiteTitle "GM"]
[BlackTitle "GM"]
[WhiteElo "2654"]
[BlackElo "2558"]
[WhiteTeam "Ukraine"]
[BlackTeam "Argentina"]
[WhiteFideId "14129574"]
[BlackFideId "113816"]
[EventDate "2022.07.29"]

1. c4 e6 2. Nc3 d5 3. d4 h6 4. Nf3 Nf6 5. g3 Bd6 6. Bg2 O-O 7. O-O Nc6 8. b3
dxc4 9. bxc4 e5 10. d5 Ne7 11. Nd2 Ng6 12. a4 Re8 13. a5 a6 14. e4 Bb4 15. Qb3
Bc5 16. Na4 Bd4 17. Bb2 Bxb2 18. Qxb2 h5 19. h4 Ng4 20. Ra3 f5 21. exf5 Bxf5 22.
Nc5 Qe7 23. Nce4 Rad8 24. Rb3 Bc8 25. Qc2 Nh8 26. Ng5 Nf6 27. Nde4 Rf8 28. c5
Nxe4 29. Qxe4 g6 30. Rc1 Kg7 31. Re3 Rde8 32. c6 Nf7 33. cxb7 Bf5 34. Ne6+ Bxe6
35. dxe6 Qxe6 36. Rxc7 Kh6 37. Rc6 Nd6 38. Qb4 Rd8 39. Rd3 Rxf2 40. Kxf2 Qf5+
41. Ke2 e4 42. Rdxd6 Qg4+ 43. Kf1 1-0

[Event "Olimpiade 2022 - Open"]
[Site "Chennai"]
[Date "03.08.2022"]
[Round "6.16"]
[Board "4"]
[White "Flores, Diego"]
[Black "Onyshchuk, Volodymyr"]
[Result "0-1"]
[WhiteTitle "GM"]
[BlackTitle "GM"]
[WhiteElo "2528"]
[BlackElo "2612"]
[WhiteTeam "Argentina"]
[BlackTeam "Ukraine"]
[WhiteFideId "108049"]
[BlackFideId "14114038"]
[EventDate "2022.07.29"]

1. Nf3 Nf6 2. d4 g6 3. c4 Bg7 4. Nc3 O-O 5. e4 d6 6. Be2 c6 7. O-O e5 8. Be3 Na6
9. Rb1 exd4 10. Bxd4 Re8 11. Nd2 Nc5 12. f3 Ne6 13. Be3 d5 14. cxd5 cxd5 15.
exd5 Nxd5 16. Nxd5 Qxd5 17. Bc4 Qe5 18. Re1 b5 19. Bf2 Qf5 20. g4 Qf4 21. Bd5
Rd8 22. Bxa8 Rxd2 23. Qc1 Bd4 24. Qxc8+ Kg7 25. Rf1 Be5 26. Bg3 Qe3+ 27. Bf2 Qh6
28. f4 Nxf4 29. h4 Nh3+ 30. Kg2 Qf4 0-1

[Event "Olimpiade 2022 - Open"]
[Site "Chennai"]
[Date "03.08.2022"]
[Round "6.17"]
[Board "1"]
[White "Erdos, Viktor"]
[Black "Kadric, Denis"]
[Result "1/2-1/2"]
[WhiteTitle "GM"]
[BlackTitle "GM"]
[WhiteElo "2586"]
[BlackElo "2554"]
[WhiteTeam "Hungary"]
[BlackTeam "Montenegro"]
[WhiteFideId "719978"]
[BlackFideId "14403803"]
[EventDate "2022.07.29"]

1. e4 e5 2. Nf3 Nf6 3. Nxe5 d6 4. Nf3 Nxe4 5. c4 Nc6 6. Nc3 Nxc3 7. dxc3 g6 8.
Bg5 Be7 9. Bh6 Bf8 10. Be3 Qe7 11. Be2 Bg7 12. O-O O-O 13. Re1 Re8 14. Bf1 Qf8
15. Nd4 Nxd4 16. cxd4 Bf5 17. Qd2 b6 18. Rac1 h5 19. Bd3 Bxd3 20. Qxd3 Re6 21.
Bd2 Rae8 22. Kf1 Bh6 23. b3 Bxd2 24. Qxd2 Qg7 25. Rxe6 Rxe6 26. Re1 Rxe1+ 27.
Kxe1 Qf6 28. f3 a5 29. Kf2 c5 30. dxc5 dxc5 1/2-1/2

[Event "Olimpiade 2022 - Open"]
[Site "Chennai"]
[Date "03.08.2022"]
[Round "6.17"]
[Board "2"]
[White "Djukic, Nikola"]
[Black "Berkes, Ferenc"]
[Result "1/2-1/2"]
[WhiteTitle "GM"]
[BlackTitle "GM"]
[WhiteElo "2526"]
[BlackElo "2649"]
[WhiteTeam "Montenegro"]
[BlackTeam "Hungary"]
[WhiteFideId "922412"]
[BlackFideId "718572"]
[EventDate "2022.07.29"]

1. e4 e5 2. Nf3 Nc6 3. Bb5 a6 4. Ba4 Nf6 5. O-O Be7 6. d3 b5 7. Bb3 d6 8. c3 O-O
9. a4 b4 10. a5 Rb8 11. Nbd2 h6 12. Nc4 Re8 13. Bd2 bxc3 14. bxc3 Bf8 15. Re1
Bd7 16. Qc2 Qc8 17. Ba4 Ne7 18. d4 Bxa4 19. Qxa4 exd4 20. cxd4 d5 21. exd5 Nexd5
22. Nce5 Rb2 23. Rab1 Qb7 24. Rxb2 Qxb2 25. Rc1 Rb8 26. Qc6 Qb5 27. Qc2 Qb3 28.
Qc6 Qb5 29. Qc2 Qb3 30. Qc6 Qb5 1/2-1/2

[Event "Olimpiade 2022 - Open"]
[Site "Chennai"]
[Date "03.08.2022"]
[Round "6.17"]
[Board "3"]
[White "Banusz, Tamas"]
[Black "Draskovic, Luka"]
[Result "1-0"]
[WhiteTitle "GM"]
[BlackTitle "IM"]
[WhiteElo "2611"]
[BlackElo "2503"]
[WhiteTeam "Hungary"]
[BlackTeam "Montenegro"]
[WhiteFideId "722413"]
[BlackFideId "944335"]
[EventDate "2022.07.29"]

1. Nf3 Nf6 2. g3 g6 3. Bg2 Bg7 4. c4 d6 5. Nc3 O-O 6. d4 Nc6 7. O-O e5 8. h3
Nxd4 9. Nxd4 exd4 10. Qxd4 Be6 11. Qh4 Nh5 12. Bg5 f6 13. Bd2 f5 14. Qxd8 Raxd8
15. b3 c6 16. Rfd1 Nf6 17. Rac1 d5 18. cxd5 Nxd5 19. Nxd5 Bxd5 20. Bb4 Rfe8 21.
Bxd5+ cxd5 22. Kf1 Rd7 23. Bc5 a6 24. Bd4 Bxd4 25. Rxd4 Re4 26. Rd2 Kf7 27. Rc5
Ke6 28. f3 Re5 29. Rd4 Kd6 30. Ra5 Kc6 31. Kf2 Re6 32. b4 Red6 33. Rc5+ Kb6 34.
a4 Ka7 35. a5 b6 36. Rc2 Kb7 37. h4 Rc7 38. Rxc7+ Kxc7 39. Ke3 bxa5 40. bxa5 Kc6
41. Rb4 Kc5 42. Rb7 Re6+ 43. Kd3 h5 44. e3 Rc6 45. Rb3 Re6 46. Rc3+ Kb5 47. Kd4
Kxa5 48. Kxd5 Kb4 49. Rc4+ Kb3 50. e4 fxe4 51. fxe4 Re8 52. Rc6 Ra8 53. e5 a5
54. e6 a4 55. e7 a3 56. Rc1 Kb2 57. Re1 1-0

[Event "Olimpiade 2022 - Open"]
[Site "Chennai"]
[Date "03.08.2022"]
[Round "6.17"]
[Board "4"]
[White "Blagojevic, Dragisa"]
[Black "Acs, Peter"]
[Result "1/2-1/2"]
[WhiteTitle "GM"]
[BlackTitle "GM"]
[WhiteElo "2499"]
[BlackElo "2575"]
[WhiteTeam "Montenegro"]
[BlackTeam "Hungary"]
[WhiteFideId "900885"]
[BlackFideId "708020"]
[EventDate "2022.07.29"]

1. d4 d5 2. c4 c6 3. Nc3 Nf6 4. e3 e6 5. Nf3 Nbd7 6. Qc2 Bd6 7. b3 O-O 8. Be2 b6
9. O-O Bb7 10. Bb2 Qe7 11. e4 Nxe4 12. Nxe4 dxe4 13. Qxe4 Ba3 14. Bc3 Bb4 15.
Bb2 Ba3 16. Bc3 Bb4 17. Bb2 Ba3 18. Bc3 Bb4 19. Bb2 Ba3 1/2-1/2

[Event "Olimpiade 2022 - Open"]
[Site "Chennai"]
[Date "03.08.2022"]
[Round "6.18"]
[Board "3"]
[White "Parligras, Mircea-Emilian"]
[Black "Noritsyn, Nikolay"]
[Result "0-1"]
[WhiteTitle "GM"]
[BlackTitle "IM"]
[WhiteElo "2576"]
[BlackElo "2482"]
[WhiteTeam "Romania"]
[BlackTeam "Canada"]
[WhiteFideId "1204297"]
[BlackFideId "2604922"]
[EventDate "2022.07.29"]

1. d4 d5 2. c4 dxc4 3. e3 e5 4. Bxc4 Nc6 5. Nf3 e4 6. Nfd2 Qg5 7. Nxe4 Qxg2 8.
Ng3 Qh3 9. Nc3 Bd6 10. Bf1 Qh4 11. Bg2 Nh6 12. Nb5 Bh3 13. Nxd6+ cxd6 14. Qh5
Qxh5 15. Bxc6+ bxc6 16. Nxh5 g6 17. Nf4 Bg4 18. Rg1 f6 19. Bd2 g5 20. Nd3 Bf3
21. Rg3 g4 22. Bc3 Nf5 23. Rg1 Kf7 24. Kd2 h5 25. b4 Be4 26. Rgc1 h4 27. Ke2
Rae8 28. Bd2 Bf3+ 29. Kf1 g3 30. h3 Rhg8 31. Nf4 Be4 32. Be1 Ne7 33. b5 Rb8 34.
a4 Rb7 35. Ra3 cxb5 36. axb5 Nd5 37. Nxd5 Bxd5 38. Ra6 Ke6 39. Bb4 Rd8 40. Be1
Rg8 41. Bb4 Rb6 42. Rxa7 gxf2 43. Kxf2 Rxb5 44. Ba3 Be4 45. Ke1 Rb3 46. d5+ Kf5
47. Kf2 Rg2+ 48. Kf1 Ra2 49. Bc5 Rh2 0-1

[Event "Olimpiade 2022 - Open"]
[Site "Chennai"]
[Date "03.08.2022"]
[Round "6.19"]
[Board "1"]
[White "Yilmaz, Mustafa"]
[Black "Schitco, Ivan"]
[Result "1/2-1/2"]
[WhiteTitle "GM"]
[BlackTitle "IM"]
[WhiteElo "2634"]
[BlackElo "2490"]
[WhiteTeam "Turkey"]
[BlackTeam "Moldova"]
[WhiteFideId "6302718"]
[BlackFideId "13905465"]
[EventDate "2022.07.29"]

1. d4 d5 2. c4 e6 3. Nc3 Nf6 4. cxd5 Nxd5 5. e4 Nxc3 6. bxc3 c5 7. Nf3 cxd4 8.
cxd4 Bb4+ 9. Bd2 Bxd2+ 10. Qxd2 O-O 11. h4 Nc6 12. Be2 Qe7 13. Rd1 Rd8 14. O-O
h6 15. Qf4 Qf6 16. Qe3 Bd7 17. Rd2 Ne7 18. h5 Nc6 19. Rfd1 a6 20. d5 exd5 21.
exd5 Ne7 22. d6 Nc6 23. Qb6 Rab8 24. Nh2 Qf4 25. Nf1 Qb4 26. Qxb4 Nxb4 27. Ne3
Be6 28. a3 Nc6 29. f4 Rd7 30. Rb1 Na5 31. Rb6 Rc8 32. f5 Bb3 33. Rd3 Ba2 34. Rd2
Bb3 35. Rd3 Ba2 36. Bf3 Kf8 37. Kf2 Rc5 38. Rd2 Bb3 39. Rd3 Ba2 40. a4 f6 41. g4
Bf7 42. Kg3 Ke8 43. Ng2 Nc4 44. Rxb7 Rxb7 45. Bxb7 Ne5 46. Rd4 Rc4 47. Rxc4 Bxc4
48. Bc8 Nf7 49. d7+ Ke7 50. Ne3 Bb3 51. a5 Ne5 52. Bxa6 Nc6 53. Bb5 Nxa5 54. Ng2
Nb7 55. Nf4 Nc5 56. Ng6+ Kd8 57. Nf8 Ke7 58. Kf3 Bd1+ 59. Kf4 Bb3 60. Ke3 Bd1
61. Kf4 Bb3 62. Bc6 Bd1 63. Kg3 Be2 64. Kf4 Bd1 65. Bb5 Bb3 66. Ke3 Bd1 67. Kf4
Bb3 1/2-1/2

[Event "Olimpiade 2022 - Open"]
[Site "Chennai"]
[Date "03.08.2022"]
[Round "6.19"]
[Board "2"]
[White "Macovei, Andrei"]
[Black "Can, Emre"]
[Result "1-0"]
[WhiteTitle "IM"]
[BlackTitle "GM"]
[WhiteElo "2478"]
[BlackElo "2606"]
[WhiteTeam "Moldova"]
[BlackTeam "Turkey"]
[WhiteFideId "13904680"]
[BlackFideId "6302181"]
[EventDate "2022.07.29"]

1. e4 c5 2. Nf3 d6 3. d4 cxd4 4. Nxd4 Nf6 5. Nc3 Nc6 6. Bg5 e6 7. Qd2 Be7 8.
O-O-O a6 9. f3 Nxd4 10. Qxd4 b5 11. h4 Bb7 12. Qd2 O-O 13. Bd3 Qc7 14. Ne2 d5
15. e5 Ne4 16. Bxe4 dxe4 17. Bxe7 Qxe7 18. f4 Rad8 19. Qe3 Rxd1+ 20. Kxd1 f6 21.
exf6 Qxf6 22. Kc1 e5 23. g3 Qe6 24. b3 exf4 25. Nxf4 Qf6 26. Kb1 Rd8 27. Re1 a5
28. Qc5 a4 29. Nh5 Qf7 30. Nf4 Qf6 31. Nh5 Qf7 32. Nf4 Qd7 33. Qb4 Qc6 34. Kb2
Qf6+ 35. Kb1 Qc6 36. Kb2 Qf6+ 37. Kb1 Bc6 38. Nh5 Qe5 39. Nf4 Qf6 40. Nh5 Qe5
41. Nf4 e3 42. Qa5 Ra8 43. Nd3 Qf6 44. Qb4 Re8 45. Qf4 Qe6 46. Qd4 Bf3 47. Qf4
Bg4 48. Nc5 Qe7 49. Qxg4 Qxc5 50. Qd7 Qe5 51. Rf1 h6 52. Rf5 Qb8 53. Rf7 Qe5 54.
Rxg7+ Qxg7 55. Qxe8+ Kh7 56. Qxe3 Qb7 57. Qd3+ Kg7 58. Kb2 axb3 59. axb3 b4 60.
h5 1-0

[Event "Olimpiade 2022 - Open"]
[Site "Chennai"]
[Date "03.08.2022"]
[Round "6.19"]
[Board "3"]
[White "Sanal, Vahap"]
[Black "Baltag, Iulian"]
[Result "1/2-1/2"]
[WhiteTitle "GM"]
[BlackTitle "IM"]
[WhiteElo "2574"]
[BlackElo "2405"]
[WhiteTeam "Turkey"]
[BlackTeam "Moldova"]
[WhiteFideId "6300545"]
[BlackFideId "13901419"]
[EventDate "2022.07.29"]

1. e4 e5 2. Nf3 Nf6 3. Nxe5 d6 4. Nf3 Nxe4 5. d4 d5 6. Bd3 Bd6 7. O-O O-O 8. Re1
Bf5 9. Nc3 Nxc3 10. bxc3 Bg4 11. h3 Bh5 12. Rb1 b6 13. c4 c6 14. cxd5 cxd5 15.
c4 Nc6 16. cxd5 Nb4 17. Be4 f5 18. Bd3 Rc8 19. Be2 Nxd5 20. Qb3 Kh8 21. Bg5 Qd7
22. Ne5 Bxe5 23. Bb5 Bh2+ 24. Kxh2 Qd6+ 25. Re5 Nf6 26. Qe6 Qxd4 27. Rxf5 Bg6
28. Rf4 Qd5 29. Qxd5 Nxd5 30. Rxf8+ Rxf8 31. Rc1 h6 32. Bh4 Kh7 33. a3 Nf4 34.
Rc3 Rf5 35. a4 Ne6 36. Rc8 Rc5 37. Ra8 Nc7 38. Rxa7 Nxb5 39. axb5 Kg8 40. Ra8+
Kh7 41. Ra7 Kg8 42. Rd7 Rxb5 43. Rd6 Bf7 44. f3 Rb2 45. Bg3 b5 46. Rb6 b4 47.
Be5 Re2 48. Rb8+ Kh7 49. Bd4 b3 50. Rb7 Kg8 51. Rb8+ Kh7 52. Rb7 Kg8 53. Rb8+ 1/2-1/2

[Event "Olimpiade 2022 - Open"]
[Site "Chennai"]
[Date "03.08.2022"]
[Round "6.19"]
[Board "4"]
[White "Ceres, Dragos"]
[Black "Solak, Dragan"]
[Result "0-1"]
[WhiteTitle "IM"]
[BlackTitle "GM"]
[WhiteElo "2378"]
[BlackElo "2594"]
[WhiteTeam "Moldova"]
[BlackTeam "Turkey"]
[WhiteFideId "13905864"]
[BlackFideId "916811"]
[EventDate "2022.07.29"]

1. e4 c5 2. c3 Nf6 3. e5 Nd5 4. Nf3 Nc6 5. Bc4 Nb6 6. Bb3 c4 7. Bc2 d6 8. exd6
Qxd6 9. O-O Bg4 10. Re1 e6 11. h3 Bh5 12. b3 Be7 13. Na3 cxb3 14. axb3 O-O 15.
d4 Nd5 16. Bd2 Rac8 17. Nb5 Qb8 18. g4 Bg6 19. Bxg6 hxg6 20. c4 Nf6 21. Ne5 a6
22. Bf4 Nxe5 23. Bxe5 Qa8 24. d5 exd5 25. Nc7 Qa7 26. cxd5 Bb4 27. Re2 Qb6 28.
Rc2 Bd6 29. Bxd6 Qxd6 30. Rac1 Rcd8 31. g5 Nh5 32. Qf3 Rd7 33. Rc4 Rfd8 34. Qg4
Re7 35. Qd4 Kh7 36. Qa7 Nf4 37. Kf1 Nxd5 38. Rh4+ Kg8 39. Nxd5 Qxd5 0-1

[Event "Olimpiade 2022 - Open"]
[Site "Chennai"]
[Date "03.08.2022"]
[Round "6.20"]
[Board "1"]
[White "Mastrovasilis, Dimitrios"]
[Black "Dardha, Daniel"]
[Result "1-0"]
[WhiteTitle "GM"]
[BlackTitle "GM"]
[WhiteElo "2599"]
[BlackElo "2575"]
[WhiteTeam "Greece"]
[BlackTeam "Belgium"]
[WhiteFideId "4202694"]
[BlackFideId "240990"]
[EventDate "2022.07.29"]

1. e4 c5 2. Nf3 Nc6 3. d4 cxd4 4. Nxd4 Nf6 5. Nc3 e5 6. Ndb5 d6 7. Bg5 a6 8. Na3
b5 9. Nd5 Be7 10. Bxf6 Bxf6 11. c4 b4 12. Nc2 O-O 13. g3 Be6 14. Bg2 Bg5 15. O-O
a5 16. Qd3 Ne7 17. h4 Bh6 18. Nde3 Bxe3 19. Nxe3 Qc7 20. Rad1 Rad8 21. Rd2 Qc5
22. b3 g6 23. Kh2 Kg7 24. Rfd1 Ng8 25. Qe2 Nf6 26. Rd3 Rd7 27. R1d2 h5 28. f3 a4
29. Bh3 axb3 30. axb3 Ra8 31. Nc2 Ra2 32. Bxe6 fxe6 33. Nd4 Rxd2 34. Nxe6+ Kf7
35. Ng5+ Ke7 36. Qxd2 Ra7 37. Nh3 Ra1 38. Qh6 Ra2+ 39. Rd2 Rxd2+ 40. Qxd2 Qa5
41. Kg2 Qa3 42. Qe3 Qb2+ 43. Nf2 Nd7 44. Qg5+ Kf7 45. Qd8 Nc5 46. Qxd6 Qd4 47.
Qd5+ Qxd5 48. cxd5 Ke7 49. Kf1 Kd6 50. Ke1 Nxb3 51. Nd3 Nd4 52. Nxb4 Nxf3+ 53.
Ke2 Nd4+ 54. Ke3 Nb5 55. Kd3 Nd4 56. Nc2 Nb3 57. Ne1 Nc5+ 58. Ke3 Nd7 59. Nf3
Nc5 60. Ng5 Ke7 61. Kd2 Nb7 62. Kd3 Nd6 63. Nf3 Kf6 64. Ng5 Ke7 65. Kc3 Nb5+ 66.
Kb4 Nd6 67. Kc5 Kd7 68. Kb6 Nc4+ 69. Kb7 Nd6+ 70. Kb8 Nc4 71. Nf7 Ke7 72. Kc7
Kxf7 73. d6 Na3 74. d7 Nb5+ 75. Kb6 Ke7 76. Kxb5 Kxd7 77. Kc5 Ke6 78. Kc6 Kf6
79. Kd6 g5 80. Kd5 1-0

[Event "Olimpiade 2022 - Open"]
[Site "Chennai"]
[Date "03.08.2022"]
[Round "6.20"]
[Board "2"]
[White "Docx, Stefan"]
[Black "Mastrovasilis, Athanasios"]
[Result "0-1"]
[WhiteTitle "IM"]
[BlackTitle "GM"]
[WhiteElo "2434"]
[BlackElo "2527"]
[WhiteTeam "Belgium"]
[BlackTeam "Greece"]
[WhiteFideId "200778"]
[BlackFideId "4201990"]
[EventDate "2022.07.29"]

1. e4 e5 2. Nf3 Nc6 3. Bc4 Nf6 4. Ng5 d5 5. exd5 Na5 6. Bb5+ c6 7. dxc6 bxc6 8.
Bd3 Nd5 9. Nf3 Bd6 10. O-O Nf4 11. Nc3 Nxd3 12. cxd3 O-O 13. Ne4 c5 14. b3 Nc6
15. Ba3 Bg4 16. h3 Bxf3 17. Qxf3 Nd4 18. Qd1 f5 19. Nxd6 Qxd6 20. Rc1 Rac8 21.
Bb2 Nc6 22. a3 Qd5 23. Qc2 Na5 24. Rfe1 Rfe8 25. b4 Nb3 26. Qc4 Qxc4 27. Rxc4
cxb4 28. Rxc8 Rxc8 29. axb4 Rc2 30. Bxe5 Rxd2 31. Bf4 Rxd3 32. Re7 Nd4 33. Kh2
Nc6 34. Rc7 Nxb4 35. Be5 g6 36. Rg7+ Kf8 37. Rxh7 Nc6 38. Bf4 a5 39. Rc7 Rc3 40.
Bh6+ Ke8 41. Rg7 a4 42. Rxg6 a3 43. Rg8+ Kf7 44. Ra8 Rc2 45. Rxa3 Rxf2 46. Rg3
Re2 47. Rg7+ Kf6 48. Rc7 Ne5 49. Kg3 Nd3 50. Rc6+ Kf7 51. Rd6 f4+ 52. Kf3 Rf2+
53. Ke4 Nc5+ 54. Kf5 Rxg2 55. Bxf4 Rf2 56. Kg4 Ne4 57. Ra6 Nf6+ 58. Kg5 Ne4+ 59.
Kf5 Ng3+ 60. Kg4 Ne4 61. Be3 Nf6+ 62. Kg5 Ne4+ 63. Kh4 Rf3 64. Bd4 Rf4+ 65. Kh5
Ng3+ 66. Kg5 Rxd4 67. Ra7+ Ke6 68. Ra6+ Ke5 69. Ra5+ Ke4 70. h4 Rd8 71. Kg4 Nf1
72. h5 Rg8+ 73. Kh4 Ng3 74. h6 Nf5+ 75. Kh5 Rh8 76. Ra6 Kf4 77. Ra4+ Ke5 78. Ra6
Ne7 79. Kg5 Rg8+ 80. Kh5 Kf5 81. Ra5+ Kf6 82. h7 Rh8 83. Ra6+ Kf7 84. Kh6 Ng8+
85. Kg5 Rxh7 86. Ra7+ Ne7 87. Rb7 Ke6 88. Kf4 Nd5+ 0-1

[Event "Olimpiade 2022 - Open"]
[Site "Chennai"]
[Date "03.08.2022"]
[Round "6.20"]
[Board "4"]
[White "Hovhannisyan, Mher"]
[Black "Ioannidis, Evgenios"]
[Result "0-1"]
[WhiteTitle "GM"]
[BlackTitle "IM"]
[WhiteElo "2420"]
[BlackElo "2459"]
[WhiteTeam "Belgium"]
[BlackTeam "Greece"]
[WhiteFideId "13300865"]
[BlackFideId "4229274"]
[EventDate "2022.07.29"]

1. Nf3 Nf6 2. c4 e6 3. e3 d5 4. d4 a6 5. a3 dxc4 6. Bxc4 Nbd7 7. O-O Bd6 8. Nc3
b5 9. Ba2 Bb7 10. Re1 c5 11. e4 cxd4 12. Nxd4 Qb8 13. h3 O-O 14. Bg5 h6 15. Bxf6
Nxf6 16. Qe2 Bh2+ 17. Kh1 Be5 18. Qe3 Qa7 19. Rad1 Rfd8 20. Nce2 Nxe4 21. Bb1
Bxd4 22. Rxd4 Rxd4 23. Nxd4 Nf6 24. Nb3 Bd5 25. Nc5 a5 26. b4 axb4 27. axb4 Qa3
28. Qxa3 Rxa3 29. Bd3 Nd7 30. Be4 Nxc5 31. bxc5 Rc3 32. Bxd5 exd5 33. Re8+ Kh7
34. Rc8 d4 35. Rd8 d3 36. c6 b4 37. c7 Rxc7 38. Rxd3 Rb7 39. Rb3 Kg6 40. Kg1 Kf5
41. Kf1 Ke4 42. Ke2 Kd4 43. Kd2 Kc4 44. Rg3 f5 45. Rf3 Rf7 46. h4 g5 47. hxg5
hxg5 48. Rg3 g4 49. Rd3 Ra7 50. Rd8 Ra2+ 51. Ke3 Ra5 52. Rd4+ Kc3 53. Rd3+ Kc2
54. Rd2+ Kc1 55. Rd8 b3 56. Rc8+ Kb1 57. Kd4 0-1

[Event "Olimpiade 2022 - Open"]
[Site "Chennai"]
[Date "03.08.2022"]
[Round "6.21"]
[Board "1"]
[White "Cardoso Cardoso, Jose Gabriel"]
[Black "Supi, Luis Paulo"]
[Result "1/2-1/2"]
[WhiteTitle "FM"]
[BlackTitle "GM"]
[WhiteElo "2493"]
[BlackElo "2603"]
[WhiteTeam "Colombia"]
[BlackTeam "Brazil"]
[WhiteFideId "4430492"]
[BlackFideId "2106388"]
[EventDate "2022.07.29"]

1. e4 c5 2. Nf3 d6 3. d4 cxd4 4. Nxd4 Nf6 5. Nc3 a6 6. Bg5 Nbd7 7. Qe2 h6 8. Bh4
g6 9. f4 e5 10. fxe5 dxe5 11. O-O-O Bg7 12. Nb3 O-O 13. Nd5 g5 14. Be1 Nxd5 15.
Rxd5 Qc7 16. g3 b6 17. Bc3 Bb7 18. Rd1 Nf6 19. Bg2 a5 20. a3 Ba6 21. Qf3 Bc4 22.
h4 g4 23. Qf5 Rfe8 24. Nd2 Ba6 25. Nb3 Bc8 26. Qf2 Be6 27. Kb1 Rec8 28. a4 Qb8
29. Rhe1 Rc4 30. Rd5 Rxc3 31. bxc3 Qc7 32. Rb5 Rb8 33. Qe3 Ne8 34. Bf1 Nd6 35.
Rd1 Nxb5 36. Bxb5 Bf8 37. Rd3 Rd8 38. Nd2 Kg7 39. Nc4 Bc5 40. Qd2 Be7 41. Ne3
Rd6 42. Bc4 Bd7 43. Bb3 Qc5 44. Qf2 Rf6 45. Qe2 Rd6 46. Qf1 Rf6 47. Qd1 Rd6 48.
Qf1 Rf6 49. Qe2 Rd6 50. Qf2 Rf6 51. Qe2 Rd6 52. Qf2 Rf6 53. Qe2 1/2-1/2

[Event "Olimpiade 2022 - Open"]
[Site "Chennai"]
[Date "03.08.2022"]
[Round "6.21"]
[Board "2"]
[White "Fier, Alexandr"]
[Black "Sanchez, Sebastian Felipe"]
[Result "1/2-1/2"]
[WhiteTitle "GM"]
[BlackTitle "IM"]
[WhiteElo "2567"]
[BlackElo "2440"]
[WhiteTeam "Brazil"]
[BlackTeam "Colombia"]
[WhiteFideId "2107139"]
[BlackFideId "4403304"]
[EventDate "2022.07.29"]

1. e4 c5 2. Nf3 e6 3. d4 cxd4 4. Nxd4 Nc6 5. Nc3 Qc7 6. Be3 a6 7. Qd2 Nf6 8.
O-O-O Be7 9. f3 b5 10. g4 Bb7 11. g5 Nh5 12. Nce2 d5 13. Nxc6 Bxc6 14. e5 Qxe5
15. Nd4 Qc7 16. f4 Bd6 17. Nxc6 Qxc6 18. Be2 g6 19. Qd4 O-O 20. Bxh5 gxh5 21.
Kb1 Rac8 22. Qd2 Bc5 23. Bxc5 Qxc5 24. Rhf1 Rc6 25. f5 Rfc8 26. Rc1 e5 27. Qe2
e4 28. f6 Re8 29. Rf4 e3 30. Rd1 d4 31. Rfxd4 Qxg5 32. Re4 Rcc8 33. h4 Qxf6 34.
Rxe3 Rxe3 35. Qxe3 Qxh4 36. Qb6 Re8 37. Qxa6 Qd4 38. Rc1 Re5 39. a3 Kg7 40. Rf1
Rg5 41. Qb7 Qd5 42. Qe7 Rg6 43. b3 h6 44. Qh4 Qe5 45. Qd8 Rg5 46. Qd7 Qe6 47.
Qd4+ Qe5 48. Qd7 Qe6 49. Qd4+ f6 50. Qb4 Re5 51. Rg1+ Kf7 52. Kb2 Qd5 53. Qf4
Re2 54. Qc7+ Re7 55. Qc3 Qe5 56. Rh1 Kg6 57. Rg1+ Kf5 58. Rf1+ Kg5 59. Rg1+ Kf5
60. Rf1+ Kg6 61. Rg1+ Kf7 62. Rh1 Re6 63. Qxe5 Rxe5 64. Kc3 Ke6 65. Kb4 Kd6 66.
c4 bxc4 67. bxc4 Rg5 68. a4 Kc6 69. a5 f5 70. Rh4 Rg6 71. Rxh5 Rf6 72. Kc3 Kc5
73. Kd3 Rd6+ 74. Ke3 Kxc4 75. Rxf5 1/2-1/2

[Event "Olimpiade 2022 - Open"]
[Site "Chennai"]
[Date "03.08.2022"]
[Round "6.21"]
[Board "3"]
[White "Valderrama Quiceno, Esteban Alb"]
[Black "Mekhitarian, Krikor Sevag"]
[Result "0-1"]
[WhiteTitle "IM"]
[BlackTitle "GM"]
[WhiteElo "2436"]
[BlackElo "2542"]
[WhiteTeam "Colombia"]
[BlackTeam "Brazil"]
[WhiteFideId "4442024"]
[BlackFideId "2107660"]
[EventDate "2022.07.29"]

1. Nf3 d5 2. g3 Bg4 3. Bg2 Nd7 4. O-O e6 5. d4 Ngf6 6. c4 c6 7. Nc3 dxc4 8. a4
a5 9. e4 e5 10. Be3 Bd6 11. Qe2 exd4 12. Bxd4 Ne5 13. h3 Bxf3 14. Bxf3 Qe7 15.
Bg2 O-O 16. Kh1 Nd3 17. f4 Bc5 18. Bxf6 Qxf6 19. e5 Qe7 20. Ne4 Rad8 21. Rad1 f5
22. exf6 gxf6 23. Qc2 Rd4 24. Nc3 Rfd8 25. Kh2 Kg7 26. Qb1 Bb4 27. Rd2 f5 28.
Re2 Qf6 29. Nd1 R4d7 30. Qc2 b5 31. Ne3 Bc5 32. Nxc4 Nb4 33. Qc1 bxc4 34. Qxc4
Re7 35. Rfe1 Rxe2 36. Rxe2 Qd4 37. Qc1 Qd1 38. Qxc5 Qxe2 39. Qxf5 Rd5 40. Qc8
Rd2 0-1